书目信息 |
| 题名: |
儿童简笔绘画
|
|
| 作者: | 晓红 , 孙艳 , 朱宝 编绘 | |
| 分册: | 人物篇 | |
| 出版信息: | 海口 南海出版公司 20001 |
|
| 页数: | 61页 | |
| 开本: | 18×26cm | |
| 丛书名: | ||
| 单 册: | ||
| 中图分类: | J219 | |
| 科图分类: | ||
| 主题词: | 技法(美术)--简笔画:儿童画 , 简笔画:儿童画--技法(美术) , 儿童画:简笔画--技法(美术) | |
| 电子资源: | ||
| ISBN: | 7-5442-1741-8 | |
| 000 | 00852nam0 2200289 450 | |
| 001 | 1560781402 | |
| 005 | 20150119165350.12 | |
| 010 | @a7-5442-1741-8@dCNY13.00 | |
| 100 | @a20010327d2000 bcmy0chiy0120 ea | |
| 101 | 0 | @achi |
| 102 | @aCN@b460100 | |
| 105 | @aa z 000yy | |
| 200 | 1 | @a儿童简笔绘画@9er tong jian bi hui hua@i人物篇@f朱宝,孙艳,晓红编绘 |
| 210 | @a海口@c南海出版公司@d20001 | |
| 215 | @a61页@c图@d18×26cm | |
| 330 | @a本书是一本人物儿童简笔绘画。 | |
| 333 | @a读者对象:儿童及幼儿教师。 | |
| 606 | 0 | @a技法(美术)@x简笔画:儿童画 |
| 606 | 0 | @a简笔画:儿童画@x技法(美术) |
| 606 | 0 | @a儿童画:简笔画@x技法(美术) |
| 686 | @aJ221.2@ve2 | |
| 690 | @aJ219@v5 | |
| 701 | 0 | @a晓红@9xiao hong@4编绘 |
| 701 | 0 | @a孙艳@9sun yan@4编绘 |
| 701 | 0 | @a朱宝@9zhu bao@4编绘 |
| 801 | 0 | @aCN@bTSSF@c20150119 |
| 905 | @aZUCC@dJ219@eJY216 | |
| 儿童简笔绘画.人物篇/朱宝,孙艳,晓红编绘.-海口:南海出版公司,20001 |
| 61页:图;18×26cm |
| 使用对象:读者对象:儿童及幼儿教师。 |
| ISBN 7-5442-1741-8:CNY13.00 |
| 本书是一本人物儿童简笔绘画。 |
| ● |
| 相关链接 |
|
|
|
|
正题名:儿童简笔绘画
索取号:J219/JY216
 
预约/预借
| 序号 | 登录号 | 条形码 | 馆藏地/架位号 | 状态 | 备注 |
| 1 | 7849314 | 278493140 | 学院路分馆/ [索取号:J219/JY216] | 在馆 |